| 000 | 00957 a2200265 4500 | ||
|---|---|---|---|
| 003 | CBULib | ||
| 005 | 20240130141325.0 | ||
| 008 | 240119b |||||||| |||| 00| 0 eng d | ||
| 040 |
_aCBULib _bEnglish _cCBULib _erda |
||
| 041 | _aeng | ||
| 050 | _aCBU-PG THESIS/CHI | ||
| 100 |
_aChitembeni, Mike _92389 |
||
| 245 |
_aResidual DDT in houses under indoor residual spray program (IRS). A case study of selected houses in solwezi, north-western province- Zambia _c/ by Mike Chitembeni |
||
| 260 |
_bCopperbelt University, _c2022. _aKitwe : |
||
| 300 | _axii, 59 pages : illustrations | ||
| 336 |
_2rdacontent _aText | _btxt |
||
| 337 |
_2rdamedia _aUnmediated | _bn |
||
| 338 |
_2rdacarrier _aVolume _bnc |
||
| 500 | _aincludes bibliographical references and appendices | ||
| 650 | 0 |
_92390 _aDDT |
|
| 650 | 0 |
_92391 _aDDT INDOOR RESIDUAL SPRAYING |
|
| 650 | 0 |
_92392 _aRESIDUAL SPRAY PROGRAM (IRS) |
|
| 650 | 0 |
_92393 _aSOLWEZI DISTRICT |
|
| 942 |
_2lcc _c030 |
||
| 999 |
_c84168 _d84168 |
||